000 005410000a22002050004500
999 _c48890
_d48890
001 1732
003 CO-MdFUSB
005 20180517141917.0
008 180517b xxu||||| |||| 00| 0 eng d
020 _a978-958-30-0068-3
040 _cCO-MdBIC
082 0 4 _a796 P41be
100 1 _aPerea Rosero, Tucídides
245 1 0 _aBeisbol / Tucídides Perea Rosero ; ilustraciones Julio César Forero
250 _a3a ed.
260 _aBogotá : Panamericana Editorial
300 _a268 P.
650 1 4 _aBéisbol- Reglamentos
942 _cLGB